Integration of European inland transport markets

Salvato in:
Dettagli Bibliografici
Natura: Libro
Lingua:inglese
Pubblicazione: Paris ECMT 2000
Soggetti:
Tags: Aggiungi Tag
Nessun Tag, puoi essere il primo ad aggiungerne!!

MARC

LEADER 00000nam a2200000 4500
001 c122631
005 20221221082704.4
020 |a 92-821-1257-8 
041 0 |a eng 
044 |a FR 
245 1 0 |a Integration of European inland transport markets 
264 1 |a Paris  |b ECMT  |c 2000 
300 |a 154 s. 
610 2 0 |a doprava vnútroštátna 
610 2 0 |a integrácia 
610 2 0 |a trh dopravný 
610 2 0 |a makroekonomika 
610 2 0 |a obdobie prechodné 
610 2 0 |a investície 
610 2 0 |a infraštruktúra 
610 2 0 |a legislatíva 
610 2 0 |a obchod 
610 2 0 |a globalizácia 
610 2 0 |a doprava železničná 
610 2 0 |a preprava 
610 2 0 |a tovar 
610 2 0 |a doprava medzinárodná 
610 2 0 |a financovanie 
610 2 0 |a Európa 
610 2 0 |a Ázia